[Event "18. Obert Int. Sant Marti 2016"]
[Site "Barcelona ESP"]
[Date "2016.07.13"]
[Round "1.47"]
[White "Hernandez Moya, Yuleisy"]
[Black "Afshar, Niusha"]
[Result "1/2-1/2"]
[WhiteElo "2260"]
[BlackElo "1971"]
[PlyCount "40"]
[EventDate "2016.07.13"]
[EventType "swiss"]
[EventRounds "9"]
[EventCountry "ESP"]
[SourceTitle "Ajedrez en Madrid"]
[Source "lmi"]
[SourceDate "2016.07.13"]
[SourceVersion "1"]
[SourceVersionDate "2019.06.21"]
[SourceQuality "1"]

1. e4 c5 2. Nf3 Nc6 3. Bb5 g6 4. O-O Bg7 5. c3 a6 6. Ba4 d6 7. h3 b5 8. Bc2 Nf6
9. Re1 O-O 10. d3 Nd7 11. Be3 Bb7 12. Nbd2 b4 13. d4 bxc3 14. bxc3 Qa5 15. Nb1
cxd4 16. cxd4 Nb4 17. Nbd2 Nxc2 18. Qxc2 Rfc8 19. Qb3 Rab8 20. Rec1 Rxc1+
1/2-1/2

[Event "18. Obert Int. Sant Marti 2016"]
[Site "Barcelona ESP"]
[Date "2016.07.13"]
[Round "1.49"]
[White "Herrera Reyes, Jose Antonio"]
[Black "Ferre Campos, Josep"]
[Result "1-0"]
[WhiteElo "2253"]
[BlackElo "1970"]
[PlyCount "57"]
[EventDate "2016.07.13"]
[EventType "swiss"]
[EventRounds "9"]
[EventCountry "ESP"]
[SourceTitle "Ajedrez en Madrid"]
[Source "lmi"]
[SourceDate "2016.07.13"]
[SourceVersion "1"]
[SourceVersionDate "2019.06.21"]
[SourceQuality "1"]

1. e4 g6 2. h4 h5 3. d3 d6 4. c3 c5 5. Nf3 Bg4 6. Be2 Nf6 7. Nbd2 Nc6 8. Nf1
Rc8 9. Bg5 Bg7 10. Qd2 Qa5 11. Ne3 Be6 12. O-O b5 13. a3 Qb6 14. b4 Ng4 15. Bf4
f6 16. d4 cxd4 17. cxd4 Nxe3 18. Bxe3 d5 19. Bd3 Kf7 20. Rfe1 a6 21. Rac1 Nb8
22. Rc5 Qb7 23. Qc2 Bg4 24. exd5 Bh6 25. Bxg6+ Kg7 26. Bxh6+ Kxh6 27. Bf7 Kg7
28. Qg6+ Kf8 29. Be6 1-0

[Event "18. Obert Int. Sant Marti 2016"]
[Site "Barcelona ESP"]
[Date "2016.07.13"]
[Round "1.50"]
[White "Fabregas Fontanet, Antonio"]
[Black "Lan, Zilun"]
[Result "0-1"]
[WhiteElo "1969"]
[BlackElo "2250"]
[PlyCount "166"]
[EventDate "2016.07.13"]
[EventType "swiss"]
[EventRounds "9"]
[EventCountry "ESP"]
[SourceTitle "Ajedrez en Madrid"]
[Source "lmi"]
[SourceDate "2016.07.13"]
[SourceVersion "1"]
[SourceVersionDate "2019.06.21"]
[SourceQuality "1"]

1. e4 c5 2. Nf3 d6 3. d4 Nf6 4. Nc3 cxd4 5. Nxd4 a6 6. Bg5 e6 7. Bd3 b5 8. O-O
Bb7 9. Re1 Be7 10. Qf3 h6 11. Bh4 Nbd7 12. Rad1 Qc7 13. Bg3 O-O 14. h3 Rac8 15.
a3 Qb6 16. Bf1 Nc5 17. b4 Ncd7 18. Rd2 Rc7 19. Nd1 Qa7 20. Bxb5 axb5 21. Nxb5
Qb6 22. Nxd6 Ba8 23. c4 Bxd6 24. Rxd6 Qb7 25. c5 Rc6 26. Nc3 Rfc8 27. Red1 Nf8
28. Qe3 Ra6 29. Rxa6 Qxa6 30. a4 Qc4 31. Rd4 Qb3 32. Bd6 Ng6 33. b5 e5 34. Rd3
Nf4 35. Rd2 Bxe4 36. Bxe5 Nxg2 37. Qg3 Ne1 38. Re2 Nf3+ 39. Kf1 Nxe5 40. Nxe4
Qd1+ 41. Re1 Nxe4 42. Rxd1 Nxg3+ 43. fxg3 Rxc5 44. b6 Nc6 45. b7 Kh7 46. Rd6
Rc1+ 47. Kf2 Nb8 48. Rd8 Na6 49. Ra8 Rb1 50. Rxa6 Rxb7 51. Rc6 Rb2+ 52. Kf3
Rb3+ 53. Kf2 Ra3 54. Rc4 Kg6 55. h4 Ra2+ 56. Kf3 f5 57. Kf4 Ra1 58. Rc6+ Kh5
59. Kxf5 Rxa4 60. Rc3 g6+ 61. Kf6 Ra6+ 62. Kg7 Ra7+ 63. Kf6 Ra6+ 64. Kg7 g5 65.
hxg5 hxg5 66. Rc5 Ra3 67. Kf6 Rxg3 68. Kf5 Rg1 69. Rc8 Rf1+ 70. Ke4 Kg4 71. Rg8
Re1+ 72. Kd3 Kf4 73. Kd2 Re5 74. Kd3 g4 75. Kd4 Re1 76. Kd3 Kf3 77. Kd2 Re5 78.
Rg7 g3 79. Rf7+ Kg2 80. Rf8 Kg1 81. Rg8 g2 82. Kd1 Re4 83. Kd2 Kf2 0-1

[Event "18. Obert Int. Sant Marti 2016"]
[Site "Barcelona ESP"]
[Date "2016.07.13"]
[Round "1.51"]
[White "Gomez Jurado, Luis Alberto"]
[Black "Mendonca, Leon Luke"]
[Result "1/2-1/2"]
[WhiteElo "2244"]
[BlackElo "1964"]
[PlyCount "117"]
[EventDate "2016.07.13"]
[EventType "swiss"]
[EventRounds "9"]
[EventCountry "ESP"]
[SourceTitle "Ajedrez en Madrid"]
[Source "lmi"]
[SourceDate "2016.07.13"]
[SourceVersion "1"]
[SourceVersionDate "2019.06.21"]
[SourceQuality "1"]

1. c4 Nf6 2. g3 g6 3. Bg2 Bg7 4. Nc3 O-O 5. e4 d6 6. Nge2 c5 7. a3 Nc6 8. Rb1
Bg4 9. h3 Bxe2 10. Nxe2 Rb8 11. O-O b5 12. cxb5 Rxb5 13. d4 Nxd4 14. Nxd4 cxd4
15. Qxd4 Qb8 16. b4 Rc8 17. Bd2 Nd7 18. Qd3 Ne5 19. Qe2 Nc4 20. Rfc1 Nxd2 21.
Qxd2 Rb7 22. e5 Rxc1+ 23. Rxc1 Rc7 24. exd6 Rxc1+ 25. Qxc1 Qxd6 26. Qc8+ Bf8
27. Qc5 Qa6 28. Qc3 Bg7 29. Qe3 e6 30. Qb3 Bd4 31. Bf1 Qd6 32. b5 Bb6 33. Qc3
h5 34. h4 Qd5 35. Be2 Qf5 36. Qf3 Qc5 37. a4 Qd4 38. Bd1 Qd2 39. Kg2 Kg7 40.
Bb3 Qe1 41. Bc4 f5 42. Qe2 Qxe2 43. Bxe2 Kf6 44. Bf3 e5 45. Bc6 Ke7 46. f3 Kf6
47. Kf1 Bc7 48. Ke2 g5 49. Be8 f4 50. gxf4 gxh4 51. fxe5+ Kxe5 52. Bxh5 h3 53.
f4+ Kxf4 54. Bf3 h2 55. Bh1 Bb6 56. Kd3 Be3 57. a5 Bg1 58. Kc4 Ke5 59. b6
1/2-1/2

[Event "18. Obert Int. Sant Marti 2016"]
[Site "Barcelona ESP"]
[Date "2016.07.13"]
[Round "1.52"]
[White "Adeimi, Michel"]
[Black "Coll Ortega, Jordi"]
[Result "0-1"]
[WhiteElo "1963"]
[BlackElo "2243"]
[PlyCount "86"]
[EventDate "2016.07.13"]
[EventType "swiss"]
[EventRounds "9"]
[EventCountry "ESP"]
[SourceTitle "Ajedrez en Madrid"]
[Source "lmi"]
[SourceDate "2016.07.13"]
[SourceVersion "1"]
[SourceVersionDate "2019.06.21"]
[SourceQuality "1"]

1. e4 c5 2. c3 Nf6 3. e5 Nd5 4. d4 cxd4 5. cxd4 e6 6. Nc3 Nxc3 7. bxc3 Qc7 8.
Bd2 d6 9. f4 Nd7 10. Nf3 Nb6 11. Bd3 Bd7 12. Qe2 d5 13. O-O g6 14. Ng5 Nc4 15.
f5 Nxd2 16. fxe6 fxe6 17. Qxd2 Be7 18. Nxh7 O-O-O 19. Bxg6 Rdg8 20. Qh6 Kb8 21.
Bf7 Bg5 22. Qh5 Rg7 23. Bg6 Be3+ 24. Kh1 Be8 25. Rf8 Rxf8 26. Nxf8 Bxg6 27.
Nxg6 Qf7 28. Qh4 Rg8 29. Ne7 Bg5 30. Nxg8 Bxh4 31. Nf6 Qg6 32. Nd7+ Kc7 33. Nc5
b6 34. Nb3 Qc2 35. g3 Bg5 36. h4 Be3 37. Rf1 Qxa2 38. Rf3 Qe2 39. Rf7+ Kc6 40.
Nc5 bxc5 41. dxc5 Kxc5 42. Rxa7 Qf1+ 43. Kh2 Bg1+ 0-1

[Event "18. Obert Int. Sant Marti 2016"]
[Site "Barcelona ESP"]
[Date "2016.07.13"]
[Round "1.53"]
[White "Martinez Lopez, Ivan"]
[Black "Kakumanu, Kautil"]
[Result "1-0"]
[WhiteElo "2242"]
[BlackElo "1956"]
[PlyCount "89"]
[EventDate "2016.07.13"]
[EventType "swiss"]
[EventRounds "9"]
[EventCountry "ESP"]
[SourceTitle "Ajedrez en Madrid"]
[Source "lmi"]
[SourceDate "2016.07.13"]
[SourceVersion "1"]
[SourceVersionDate "2019.06.21"]
[SourceQuality "1"]

1. Nf3 c5 2. g3 g6 3. Bg2 Bg7 4. O-O Nc6 5. c4 d6 6. Nc3 Nh6 7. a3 Nf5 8. e3
O-O 9. d3 Qd7 10. Qc2 b6 11. Rb1 Bb7 12. b4 Ne5 13. Nxe5 Bxe5 14. Ne4 cxb4 15.
axb4 d5 16. cxd5 Bxd5 17. Bb2 Rac8 18. Qe2 Bxb2 19. Qxb2 Ba8 20. d4 Rc7 21.
Rbc1 Rfc8 22. Qa3 Nd6 23. Rxc7 Qxc7 24. Nxd6 Qxd6 25. Qa6 Qb8 26. d5 Bb7 27.
Qa3 Qc7 28. b5 Ba8 29. e4 Qd7 30. Ra1 Rc7 31. Qa4 e6 32. Bh3 f5 33. Rd1 Qe8 34.
d6 Rd7 35. e5 Bf3 36. Rc1 Qa8 37. Qc4 Kf7 38. Qc8 Qxc8 39. Rxc8 Be2 40. Bf1 Bf3
41. Bg2 Bd5 42. f4 Be4 43. Bxe4 fxe4 44. Kf2 g5 45. Rc7 1-0

[Event "18. Obert Int. Sant Marti 2016"]
[Site "Barcelona ESP"]
[Date "2016.07.13"]
[Round "1.54"]
[White "Vargas Drechsler, Carlos"]
[Black "Bannink, Bernard"]
[Result "0-1"]
[WhiteElo "1943"]
[BlackElo "2232"]
[PlyCount "94"]
[EventDate "2016.07.13"]
[EventType "swiss"]
[EventRounds "9"]
[EventCountry "ESP"]
[SourceTitle "Ajedrez en Madrid"]
[Source "lmi"]
[SourceDate "2016.07.13"]
[SourceVersion "1"]
[SourceVersionDate "2019.06.21"]
[SourceQuality "1"]

1. d4 d5 2. Nf3 Nf6 3. g3 Bf5 4. Bg2 c6 5. O-O e6 6. b3 Bd6 7. Bb2 Nbd7 8. Nbd2
O-O 9. Ne5 h6 10. Re1 Bh7 11. e4 Bb4 12. c3 Ba5 13. b4 Bb6 14. Nxd7 Nxd7 15.
Nb3 Bc7 16. a4 Nb6 17. Na5 Rb8 18. e5 Nd7 19. Nb3 f6 20. Bh3 f5 21. f4 Bg6 22.
Ba3 Rf7 23. a5 b6 24. a6 Qc8 25. Bb2 Rf8 26. Kh1 Qe8 27. Bc1 Kh7 28. Rg1 Qe7
29. Ra2 b5 30. Be3 Nb6 31. Na5 Qd7 32. Bf1 Na4 33. Rxa4 bxa4 34. Qxa4 Bxa5 35.
Qxa5 Bh5 36. h3 Bf3+ 37. Kh2 Rg8 38. Qa2 Be4 39. Qf2 g5 40. fxg5 hxg5 41. Qe2
Qf7 42. Qd2 f4 43. gxf4 gxf4 44. Qf2 Rxg1 45. Kxg1 Qg6+ 46. Kh2 fxe3 47. Qh4+
Kg8 0-1

[Event "18. Obert Int. Sant Marti 2016"]
[Site "Barcelona ESP"]
[Date "2016.07.13"]
[Round "1.55"]
[White "Qiu, Mengjie"]
[Black "Bernat, Ernest"]
[Result "1-0"]
[WhiteElo "2231"]
[BlackElo "1942"]
[PlyCount "45"]
[EventDate "2016.07.13"]
[EventType "swiss"]
[EventRounds "9"]
[EventCountry "ESP"]
[SourceTitle "Ajedrez en Madrid"]
[Source "lmi"]
[SourceDate "2016.07.13"]
[SourceVersion "1"]
[SourceVersionDate "2019.06.21"]
[SourceQuality "1"]

1. e4 d6 2. d4 Nf6 3. Nc3 g6 4. Be3 Bg7 5. f3 c6 6. Qd2 O-O 7. O-O-O b5 8. Bh6
b4 9. Nce2 Bxh6 10. Qxh6 Qa5 11. Kb1 Be6 12. Nc1 Nbd7 13. g4 Rfb8 14. h4 Nf8
15. h5 Rb7 16. hxg6 fxg6 17. Nh3 Rab8 18. Ng5 Bxa2+ 19. Nxa2 b3 20. cxb3 Rxb3
21. Bc4+ d5 22. Bxb3 Rxb3 23. e5 1-0

[Event "18. Obert Int. Sant Marti 2016"]
[Site "Barcelona ESP"]
[Date "2016.07.13"]
[Round "1.56"]
[White "Tahay, Romain"]
[Black "Larsson, Anders"]
[Result "0-1"]
[WhiteElo "1942"]
[BlackElo "2226"]
[PlyCount "70"]
[EventDate "2016.07.13"]
[EventType "swiss"]
[EventRounds "9"]
[EventCountry "ESP"]
[SourceTitle "Ajedrez en Madrid"]
[Source "lmi"]
[SourceDate "2016.07.13"]
[SourceVersion "1"]
[SourceVersionDate "2019.06.21"]
[SourceQuality "1"]

1. d4 e6 2. c4 Bb4+ 3. Nc3 c5 4. a3 Bxc3+ 5. bxc3 Qa5 6. Bd2 Nf6 7. Qc2 d6 8.
Nf3 O-O 9. e4 e5 10. d5 Bg4 11. h3 Bxf3 12. gxf3 Nh5 13. Rg1 Nd7 14. Qb2 Qc7
15. Rb1 Rab8 16. Qc1 Kh8 17. Bd3 f6 18. Rg4 Rfe8 19. Rh4 g6 20. Ke2 Nf8 21. Qg1
Qf7 22. Qg4 Nf4+ 23. Bxf4 exf4 24. Rh6 Kg7 25. Rh5 Kh8 26. Rh6 Kg7 27. Rh5 Nd7
28. Rf5 Ne5 29. Qg2 Qd7 30. Rxf4 Qa4 31. Ra1 b5 32. cxb5 c4 33. Bb1 Qb3 34. Ra2
Qxb1 35. Rd2 Nd3 0-1

[Event "18. Obert Int. Sant Marti 2016"]
[Site "Barcelona ESP"]
[Date "2016.07.13"]
[Round "1.57"]
[White "Hapala, Elisabeth"]
[Black "Molano Lafuente, Ismael"]
[Result "0-1"]
[WhiteElo "2222"]
[BlackElo "1940"]
[PlyCount "122"]
[EventDate "2016.07.13"]
[EventType "swiss"]
[EventRounds "9"]
[EventCountry "ESP"]
[SourceTitle "Ajedrez en Madrid"]
[Source "lmi"]
[SourceDate "2016.07.13"]
[SourceVersion "1"]
[SourceVersionDate "2019.06.21"]
[SourceQuality "1"]

1. e4 e5 2. Nf3 f5 3. Nxe5 Qf6 4. Nc4 fxe4 5. Nc3 Qf7 6. Ne3 c6 7. d3 exd3 8.
Bxd3 d5 9. O-O Nf6 10. Re1 Be7 11. Nf5 Bxf5 12. Bxf5 Nbd7 13. Qe2 O-O-O 14. Be6
Qg6 15. Qe5 Ne8 16. a4 Rf8 17. a5 Bf6 18. Qe2 Nc7 19. a6 b6 20. Bd2 Rde8 21.
Bxd7+ Kxd7 22. Qf3 Bd4 23. Qh3+ Qf5 24. Qxf5+ Rxf5 25. Nd1 Rxe1+ 26. Bxe1 Ne6
27. c3 Bc5 28. b4 Bd6 29. Ne3 Kc7 30. b5 cxb5 31. Nxd5+ Kc6 32. Nb4+ Bxb4 33.
cxb4 Nc7 34. f3 Nd5 35. Rc1+ Kd7 36. Bd2 Rf6 37. Kf2 Rc6 38. Rd1 Rc2 39. Kg3
Ke6 40. h4 Ra2 41. h5 Rxa6 42. Kh4 Ra4 43. Re1+ Kf7 44. Re4 a5 45. Rd4 Ke6 46.
Re4+ Kd6 47. Rg4 axb4 48. Bc1 b3 49. Bb2 Nf6 50. Rxa4 bxa4 51. g4 Ke6 52. g5
Nxh5 53. Kxh5 g6+ 54. Kh6 b5 55. Ba3 b4 56. Bb2 a3 57. Bg7 b2 58. Kxh7 b1=Q 59.
f4 Kf7 60. f5 Qxf5 61. Bf8 Qc8 0-1

[Event "18. Obert Int. Sant Marti 2016"]
[Site "Barcelona ESP"]
[Date "2016.07.13"]
[Round "1.58"]
[White "Sapale, Saloni"]
[Black "Martorell Aguado, Joan"]
[Result "0-1"]
[WhiteElo "1929"]
[BlackElo "2219"]
[PlyCount "98"]
[EventDate "2016.07.13"]
[EventType "swiss"]
[EventRounds "9"]
[EventCountry "ESP"]
[SourceTitle "Ajedrez en Madrid"]
[Source "lmi"]
[SourceDate "2016.07.13"]
[SourceVersion "1"]
[SourceVersionDate "2019.06.21"]
[SourceQuality "1"]

1. e4 c5 2. Nf3 d6 3. d4 cxd4 4. Nxd4 Nf6 5. Nc3 Nc6 6. Bg5 e6 7. Qd2 a6 8.
O-O-O Bd7 9. f3 Be7 10. Be3 h5 11. g3 b5 12. Kb1 Ne5 13. Bd3 Rc8 14. h3 O-O 15.
g4 Nc4 16. Bxc4 Rxc4 17. Rhg1 g6 18. gxh5 Nxh5 19. Bh6 Bf6 20. Nce2 Re8 21. Bg5
Kh7 22. h4 a5 23. Qe3 e5 24. Nb3 Bxg5 25. Rxg5 a4 26. Nd2 Rc5 27. Nf1 Qf6 28.
Qd3 Rec8 29. Rd2 b4 30. Nfg3 Nf4 31. Nxf4 Qxf4 32. Nf5 Bb5 33. Qxd6 Qxf3 34.
Rxg6 Qf1+ 35. Rd1 Qxd1+ 36. Qxd1 fxg6 37. Ne3 b3 38. c3 R8c7 39. axb3 axb3 40.
Qxb3 Bd3+ 41. Kc1 Bxe4 42. Qe6 Ra7 43. Ng4 Bf5 44. Nf6+ Kh6 45. Ng8+ Kg7 46.
Qd6 Rca5 47. Ne7 Be4 48. Nc8 Rd5 49. Qxd5 Ra1+ 0-1

[Event "18. Obert Int. Sant Marti 2016"]
[Site "Barcelona ESP"]
[Date "2016.07.13"]
[Round "1.59"]
[White "Patil, Pratik"]
[Black "Nepveu, Manuel"]
[Result "1-0"]
[WhiteElo "2219"]
[BlackElo "1910"]
[PlyCount "70"]
[EventDate "2016.07.13"]
[EventType "swiss"]
[EventRounds "9"]
[EventCountry "ESP"]
[SourceTitle "Ajedrez en Madrid"]
[Source "lmi"]
[SourceDate "2016.07.13"]
[SourceVersion "1"]
[SourceVersionDate "2019.06.21"]
[SourceQuality "1"]

1. e4 e6 2. d4 d5 3. Nd2 c5 4. exd5 exd5 5. dxc5 Bxc5 6. Nb3 Bb6 7. Nf3 Nc6 8.
Be2 Nge7 9. Bf4 O-O 10. O-O Bg4 11. Re1 Qd7 12. Qd2 Rad8 13. Rad1 Rfe8 14. h3
Bf5 15. Bd3 Ng6 16. Bg3 Rxe1+ 17. Rxe1 h6 18. c3 Nge7 19. Ne5 Nxe5 20. Rxe5
Bxd3 21. Qxd3 Nc6 22. Re1 Qc8 23. Bf4 d4 24. Qg3 Kh7 25. cxd4 Nxd4 26. Nxd4
Bxd4 27. Re7 Bxb2 28. Rxf7 Rd1+ 29. Kh2 Qe6 30. Rxb7 Qe1 31. Qf3 Bd4 32. Bd6
Be5+ 33. Bxe5 Qxe5+ 34. g3 Rd2 35. Rxa7 Qc5 1-0

[Event "18. Obert Int. Sant Marti 2016"]
[Site "Barcelona ESP"]
[Date "2016.07.13"]
[Round "1.60"]
[White "Kunal, Kakumanu"]
[Black "Brzezinski, Adam"]
[Result "1/2-1/2"]
[WhiteElo "1903"]
[BlackElo "2208"]
[PlyCount "70"]
[EventDate "2016.07.13"]
[EventType "swiss"]
[EventRounds "9"]
[EventCountry "ESP"]
[SourceTitle "Ajedrez en Madrid"]
[Source "lmi"]
[SourceDate "2016.07.13"]
[SourceVersion "1"]
[SourceVersionDate "2019.06.21"]
[SourceQuality "1"]

1. e4 e6 2. d4 d5 3. Nd2 Be7 4. Bd3 c5 5. dxc5 Nf6 6. Qe2 O-O 7. Ngf3 a5 8. O-O
Na6 9. e5 Nd7 10. c4 Naxc5 11. Bc2 b6 12. b3 Ba6 13. Nd4 Qc7 14. f4 Rfd8 15.
Bb2 dxc4 16. bxc4 Nf8 17. f5 exf5 18. Nxf5 Ng6 19. h4 Ne6 20. h5 Bc5+ 21. Kh1
Ngf4 22. Rxf4 Nxf4 23. Qg4 Ng6 24. hxg6 hxg6 25. Nd6 Bxd6 26. exd6 Qxd6 27. Ne4
f5 28. Nxd6 fxg4 29. Be5 Ra7 30. Bxg6 Re7 31. Bg3 Rxd6 32. Bxd6 Re6 33. Bc7
Rxg6 34. Rb1 Bxc4 35. Rxb6 Rxb6 1/2-1/2

[Event "18. Obert Int. Sant Marti 2016"]
[Site "Barcelona ESP"]
[Date "2016.07.13"]
[Round "1.61"]
[White "Glimbrant, Torbjorn"]
[Black "Nadal Fajardo, Ricard"]
[Result "1-0"]
[WhiteElo "2203"]
[BlackElo "1900"]
[PlyCount "71"]
[EventDate "2016.07.13"]
[EventType "swiss"]
[EventRounds "9"]
[EventCountry "ESP"]
[SourceTitle "Ajedrez en Madrid"]
[Source "lmi"]
[SourceDate "2016.07.13"]
[SourceVersion "1"]
[SourceVersionDate "2019.06.21"]
[SourceQuality "1"]

1. d4 Nf6 2. c4 c6 3. Nf3 d5 4. e3 Nbd7 5. Nc3 e6 6. Bd3 dxc4 7. Bxc4 b5 8. Bd3
a6 9. a4 b4 10. Ne4 c5 11. O-O Bb7 12. Ned2 Be7 13. Qe2 a5 14. Rd1 O-O 15. Nc4
Qc7 16. Bd2 Be4 17. Rac1 Qb7 18. Nce5 Bxd3 19. Qxd3 Rac8 20. Qb5 Qxb5 21. axb5
Nb8 22. dxc5 Rxc5 23. Rxc5 Bxc5 24. Rc1 Nbd7 25. Nxd7 Nxd7 26. Ne5 Nxe5 27.
Rxc5 Nd3 28. Rc7 h6 29. b6 Rb8 30. b7 Kh7 31. b3 Kg6 32. Kf1 f6 33. e4 f5 34.
exf5+ Kxf5 35. Ke2 Ne5 36. Be3 1-0

[Event "18. Obert Int. Sant Marti 2016"]
[Site "Barcelona ESP"]
[Date "2016.07.13"]
[Round "1.62"]
[White "Vives Bellber, Tomas"]
[Black "Carrasco Rodriguez, Jesus"]
[Result "0-1"]
[WhiteElo "1898"]
[BlackElo "2202"]
[PlyCount "40"]
[EventDate "2016.07.13"]
[EventType "swiss"]
[EventRounds "9"]
[EventCountry "ESP"]
[SourceTitle "Ajedrez en Madrid"]
[Source "lmi"]
[SourceDate "2016.07.13"]
[SourceVersion "1"]
[SourceVersionDate "2019.06.21"]
[SourceQuality "1"]

1. d4 d5 2. c4 c6 3. Nf3 Nf6 4. g3 dxc4 5. Bg2 b5 6. O-O e6 7. a4 Bb7 8. b3
cxb3 9. Qxb3 b4 10. a5 c5 11. dxc5 Bxc5 12. Be3 Bxe3 13. Qxe3 O-O 14. Nbd2 Nd5
15. Qb3 Ba6 16. Rfe1 Nc6 17. Ne4 Bb5 18. a6 Qb6 19. Nd6 Bxa6 20. Qa4 Bc8 0-1

[Event "18. Obert Int. Sant Marti 2016"]
[Site "Barcelona ESP"]
[Date "2016.07.13"]
[Round "1.63"]
[White "Sanchez Jerez, Emilio Miguel"]
[Black "Saiz Rodrigo, Fernando"]
[Result "1-0"]
[WhiteElo "2201"]
[BlackElo "1873"]
[PlyCount "73"]
[EventDate "2016.07.13"]
[EventType "swiss"]
[EventRounds "9"]
[EventCountry "ESP"]
[SourceTitle "Ajedrez en Madrid"]
[Source "lmi"]
[SourceDate "2016.07.13"]
[SourceVersion "1"]
[SourceVersionDate "2019.06.21"]
[SourceQuality "1"]

1. e4 c5 2. Nf3 d6 3. d4 cxd4 4. Nxd4 Nf6 5. Nc3 a6 6. g3 e5 7. Nde2 h5 8. h3
b5 9. Bg2 Bb7 10. O-O b4 11. Nd5 Nxd5 12. exd5 Be7 13. a3 bxa3 14. Rxa3 O-O 15.
c4 Nd7 16. b4 Bg5 17. f4 exf4 18. gxf4 Bf6 19. Be3 Rc8 20. Qd3 Re8 21. Nd4 Nb6
22. Rc3 Nxc4 23. Bf2 Nb6 24. Nc6 Qc7 25. Rcc1 Bb2 26. Rc2 Na4 27. Qb3 Nc3 28.
Qxb2 Ne4 29. Bd4 f5 30. Bxe4 Rxe4 31. Rg2 Kh7 32. Rxg7+ Qxg7+ 33. Bxg7 Rg8 34.
Kh1 Rxg7 35. Qf6 Re2 36. Qxf5+ Kh6 37. Rg1 1-0

[Event "18. Obert Int. Sant Marti 2016"]
[Site "Barcelona ESP"]
[Date "2016.07.13"]
[Round "1.64"]
[White "Pistol, Mats-Erik"]
[Black "Yashas, D.."]
[Result "0-1"]
[WhiteElo "1810"]
[BlackElo "2201"]
[PlyCount "50"]
[EventDate "2016.07.13"]
[EventType "swiss"]
[EventRounds "9"]
[EventCountry "ESP"]
[SourceTitle "Ajedrez en Madrid"]
[Source "lmi"]
[SourceDate "2016.07.13"]
[SourceVersion "1"]
[SourceVersionDate "2019.06.21"]
[SourceQuality "1"]

1. e4 c5 2. Nf3 Nc6 3. Nc3 e5 4. Bc4 Be7 5. d3 Nf6 6. Nd2 d6 7. Nf1 Be6 8. Ne3
O-O 9. O-O a6 10. Ncd5 Rb8 11. c3 b5 12. Nxf6+ Bxf6 13. Bd5 Ne7 14. Bxe6 fxe6
15. Ng4 Nc6 16. f4 exf4 17. Bxf4 Bg5 18. Bxg5 Qxg5 19. Qe2 h5 20. Ne3 Ne5 21.
d4 Ng6 22. Rxf8+ Rxf8 23. Rf1 Nf4 24. Qf3 Rf6 25. Kh1 Ng6 0-1

[Event "18. Obert Int. Sant Marti 2016"]
[Site "Barcelona ESP"]
[Date "2016.07.13"]
[Round "1.65"]
[White "Yogit, S."]
[Black "Colome Rovira, Oscar"]
[Result "1-0"]
[WhiteElo "2197"]
[BlackElo "1799"]
[PlyCount "93"]
[EventDate "2016.07.13"]
[EventType "swiss"]
[EventRounds "9"]
[EventCountry "ESP"]
[SourceTitle "Ajedrez en Madrid"]
[Source "lmi"]
[SourceDate "2016.07.13"]
[SourceVersion "1"]
[SourceVersionDate "2019.06.21"]
[SourceQuality "1"]

1. e4 d5 2. exd5 Qxd5 3. Nc3 Qa5 4. d4 Nf6 5. Nf3 Bf5 6. Bc4 e6 7. Bd2 c6 8.
Nd5 Qd8 9. Nxf6+ gxf6 10. Bc3 Bd6 11. Qe2 Qe7 12. O-O-O Nd7 13. Rhe1 Nb6 14.
Bb3 O-O-O 15. Nh4 Bg6 16. g3 Rhe8 17. Qf3 Nd5 18. Bd2 b5 19. Kb1 Rd7 20. Rc1
Bb4 21. Bxb4 Qxb4 22. Nxg6 hxg6 23. Bxd5 cxd5 24. Qxf6 a5 25. Re3 Rc7 26. Rb3
Qc4 27. Rc3 Qb4 28. Rxc7+ Kxc7 29. Qxf7+ Re7 30. Qf4+ Kb7 31. Rd1 Rc7 32. Qd2
Qa4 33. Re1 Rc4 34. b3 Rxd4 35. Qc3 Qb4 36. Qxb4 axb4 37. Rxe6 Rd1+ 38. Kb2 Rd2
39. Rxg6 Rxf2 40. h4 Kc7 41. h5 d4 42. Kc1 Kd7 43. Rg4 Kc6 44. h6 Rh2 45. Rh4
Rg2 46. h7 d3 47. cxd3 1-0

[Event "18. Obert Int. Sant Marti 2016"]
[Site "Barcelona ESP"]
[Date "2016.07.13"]
[Round "1.66"]
[White "Varela Cuadrado, Cesar"]
[Black "Salagran Ferragut, Guillem"]
[Result "0-1"]
[WhiteElo "1753"]
[BlackElo "2196"]
[PlyCount "94"]
[EventDate "2016.07.13"]
[EventType "swiss"]
[EventRounds "9"]
[EventCountry "ESP"]
[SourceTitle "Ajedrez en Madrid"]
[Source "lmi"]
[SourceDate "2016.07.13"]
[SourceVersion "1"]
[SourceVersionDate "2019.06.21"]
[SourceQuality "1"]

1. e4 c5 2. Nf3 e6 3. d4 cxd4 4. Nxd4 Nf6 5. Nc3 d6 6. g4 h6 7. h4 Nc6 8. g5
hxg5 9. Bxg5 a6 10. Bg2 Qb6 11. Nb3 Bd7 12. Be3 Qc7 13. f4 Be7 14. Qe2 Nh5 15.
Qf2 Bf6 16. O-O-O Bxc3 17. bxc3 Na5 18. Bb6 Nxb3+ 19. Kb2 Qc6 20. axb3 Rc8 21.
Rd3 Nxf4 22. Qxf4 Qxb6 23. Rxd6 Qc7 24. Qd2 Bc6 25. Qd4 Ke7 26. Rd1 Rhd8 27.
Rxd8 Rxd8 28. Qc5+ Ke8 29. Rd3 Rxd3 30. cxd3 Qg3 31. Qg5 Qxd3 32. Qxg7 Qd2+ 33.
Ka3 Qc1+ 34. Kb4 Qf4 35. Qh8+ Ke7 36. Qd4 Qxh4 37. Qc5+ Ke8 38. Qe5 Qe7+ 39.
Qc5 f5 40. Qxe7+ Kxe7 41. Kc5 Bxe4 42. Bf1 Kf6 43. Kd6 f4 44. b4 f3 45. c4 Bc2
46. Kc5 Bd1 47. Kd4 Be2 0-1

[Event "18. Obert Int. Sant Marti 2016"]
[Site "Barcelona ESP"]
[Date "2016.07.13"]
[Round "1.67"]
[White "Garcia Ramos, Daniel"]
[Black "Rakshitta, Ravi"]
[Result "1/2-1/2"]
[WhiteElo "2195"]
[BlackElo "1716"]
[PlyCount "88"]
[EventDate "2016.07.13"]
[EventType "swiss"]
[EventRounds "9"]
[EventCountry "ESP"]
[SourceTitle "Ajedrez en Madrid"]
[Source "lmi"]
[SourceDate "2016.07.13"]
[SourceVersion "1"]
[SourceVersionDate "2019.06.21"]
[SourceQuality "1"]

1. e4 e5 2. Nf3 Nc6 3. Bb5 a6 4. Ba4 d6 5. O-O Bd7 6. d4 b5 7. Bb3 Nxd4 8. Nxd4
exd4 9. a4 c5 10. Bd5 Rb8 11. axb5 Bxb5 12. c4 dxc3 13. Nxc3 Ne7 14. Re1 Qc7
15. Bf4 Ng6 16. e5 dxe5 17. Bxe5 Nxe5 18. Qh5 Bd6 19. f4 O-O 20. fxe5 Be7 21.
Re3 Bd7 22. e6 fxe6 23. Be4 h6 24. Qg6 Rf6 25. Qh7+ Kf7 26. Nd5 exd5 27. Bxd5+
Be6 28. Rxe6 Rxe6 29. Qf5+ Kg8 30. Qxe6+ Kh8 31. Re1 Bf6 32. Qxa6 Qd7 33. Bf3
Qd4+ 34. Kh1 Qxb2 35. Qa4 Qb5 36. Qe4 Qb4 37. Qe6 Rd8 38. Rf1 Qb5 39. Re1 Bc3
40. Rg1 Qd7 41. Qg6 Qd6 42. Qc2 Qd2 43. Qf5 Qd7 44. Qc2 Qd2 1/2-1/2

[Event "18. Obert Int. Sant Marti 2016"]
[Site "Barcelona ESP"]
[Date "2016.07.13"]
[Round "1.68"]
[White "Custodio Criado, Jofre"]
[Black "Ivana Maria, Furtado"]
[Result "0-1"]
[WhiteElo "1639"]
[BlackElo "2188"]
[PlyCount "32"]
[EventDate "2016.07.13"]
[EventType "swiss"]
[EventRounds "9"]
[EventCountry "ESP"]
[SourceTitle "Ajedrez en Madrid"]
[Source "lmi"]
[SourceDate "2016.07.13"]
[SourceVersion "1"]
[SourceVersionDate "2019.06.21"]
[SourceQuality "1"]

1. e4 e6 2. d4 d5 3. exd5 exd5 4. Nf3 Nc6 5. Bf4 Bg4 6. Qe2+ Nge7 7. c3 Qd7 8.
Nbd2 O-O-O 9. h3 Ng6 10. Be3 Bf5 11. O-O-O Nb4 12. cxb4 Qa4 13. Nc4 Qxa2 14.
Rd3 Qa1+ 15. Kd2 dxc4 16. Ra3 Bxb4+ 0-1